Rendezvények szervezésének sajátosságai egy moziban

Bibliográfiai részletek
Szerző: Szabácsy Bence
További közreműködők: Karsai Dr. Árpád Sándor
Dokumentumtípus: Diplomadolgozat
Kulcsszavak:különleges rendezvényhelyszín
mozi
rendezvény(ek)
rendezvényhelyszín
rendezvényszervezés
Online Access:http://dolgozattar.uni-bge.hu/59459

MARC

LEADER 00000nta a2200000 i 4500
001 dolg59459
005 20260409145104.0
008 260409suuuu hu om 000 hun d
040 |a BGE Dolgozattár Repozitórium  |b hun 
041 |a hu 
100 1 |a Szabácsy Bence 
245 1 0 |a Rendezvények szervezésének sajátosságai egy moziban  |c Szabácsy Bence  |h [elektronikus dokumentum] 
520 3 |a Az üzleti rendezvények szervezése egy moziban különleges és még viszonylag kevésbé kutatott terület, amely számos szakmai és gyakorlati kérdést vet fel. Az üzleti szféra egyre inkább keresi azokat a helyszíneket, amelyek különleges élményt kínálnak, és nem csupán a hagyományos konferenciatermek nyújtotta lehetőségeket biztosítják. A mozik innovatív alternatívát jelentenek, hiszen egyedi adottságaik, például a korszerű audiovizuális technológia, a különleges hangulat, és az események vizuális prezentációjához ideális környezet jelentős vonzerőt képviselnek.A téma aktualitását tovább növeli, hogy az üzleti rendezvények piaca folyamatosan fejlődik, és az ügyfelek igényei is változnak. Egyre inkább előtérbe kerülnek az élményalapú események, amelyek nem csupán az információátadásra, hanem a résztvevők bevonására és emlékezetes élmények nyújtására is fókuszálnak. 
695 |a különleges rendezvényhelyszín 
695 |a mozi 
695 |a rendezvény(ek) 
695 |a rendezvényhelyszín 
695 |a rendezvényszervezés 
700 1 |a Karsai Dr. Árpád Sándor  |e ths 
856 4 0 |u http://dolgozattar.uni-bge.hu/59459/1/Szakdolgozat_SzabacsyBence.pdf  |z Dokumentum-elérés 
856 4 0 |u http://dolgozattar.uni-bge.hu/59459/2/Szab%C3%A1csy%20Bence_opponens_Boros%20Kitti.pdf  |z Dokumentum-elérés 
856 4 0 |u http://dolgozattar.uni-bge.hu/59459/3/Szab%C3%A1csy%20Bence%20Bsc%20HU%20Karsai%20%C3%81rp%C3%A1d.pdf  |z Dokumentum-elérés